| 000 | 00699nam a2200253Ia 4500 | ||
|---|---|---|---|
| 003 | OSt | ||
| 005 | 20220926013710.0 | ||
| 006 | a|||||r|||| 00| 0 | ||
| 007 | ta | ||
| 008 | 220923b |||||||| |||| 00| 0 eng d | ||
| 020 | _a0471372897 | ||
| 037 | _cGeneral Book | ||
| 040 |
_aRTL _cRTL _beng |
||
| 041 |
_2eng _aeng |
||
| 082 | _aX:51-8.1.P, P1/TD | ||
| 100 | _aKotabe Masaaki | ||
| 245 | 0 | _aGlobal marketing management | |
| 250 | _aEd 2 | ||
| 260 |
_aNew York _bJohn Wiley _c2001 |
||
| 300 |
_axxiv,741p _ccm. |
||
| 700 |
_a Helsen Kristiaan _9270478 |
||
| 942 |
_hX:51-8.1.P, P1/TD _cGB _2CC |
||
| 999 |
_c626623 _d626623 |
||